000 00668nam a22002057a 4500
003 UA-OsUOA
001 12503
007 ta
008 20050513b un ||||| |||| 00| 0 ukr d
100 _aДемська-Будзуляк Л.
942 _cSA
040 _aUA-OsUOA
_bukr
_cUA-OsUOA
_dUA-OsUOA
245 _aГендерна інтерпретація жіночих та чоловічих образів в українській літературі кінця XIX - початку XXст. (новелістика, драматургія)
300 _aС.10 - 17
955 _a0
041 _aukr
044 _aUA
773 0 _w0
650 7 _aГендер
_2UDC
999 _c298664
_d298664